MARC

LEADER 00000nam0a2200000 4500
001 257622
005 20231101233224.0
020 |a RU  |b 88-1233 
035 |a (RuTPU)RU\TPU\book\280435 
090 |a 257622 
100 |a 20140418d1987 k y0rusy5003 ca 
101 0 |a rus 
102 |a RU 
105 |a a z 000zb 
200 1 |a Ярослав Игоревич Крестовский  |f В. Серебряная 
210 |a Ленинград  |c Художник РСФСР  |d 1987 
215 |a 143, [1] с.  |c цв. ил. 
320 |a Библиогр. : с. 140 - 141 Библиогр. в примеч.: с. 128. 
600 1 |a Крестовский  |b Я. И.  |c советский художник  |f 1925-  |g Ярослав Игоревич  |2 stltpush  |3 (RuTPU)RU\TPU\pers\32870 
606 1 |a Живописцы  |2 stltpush  |3 (RuTPU)RU\TPU\subj\10834  |9 37852 
610 1 |a живопись 
610 1 |a графика 
610 1 |a изобразительное искусство 
610 1 |a 20 век 
610 1 |a Россия 
675 |a 75.071(092)   |z rus  |v 3 
700 1 |a Серебряная  |b В. И.  |g Виктория Иосифовна 
801 0 |a RU  |b RuMRKP  |c 19950417  |g psbo 
801 1 |a RU  |b 63413507  |c 20140418 
801 2 |a RU  |b 63413507  |c 20141021  |g RCR 
942 |c BK